Click California Cities On A Map - Statistics

General Stats
  • This quiz has been taken 46 times
  • The average score is 11 of 13
Answers on the Map
Answers color-coded by a green-red scale on the quiz's map according to % correct below.
 
Answer Stats
Answer % Correct
San Diego
97%
San Francisco
94%
South Lake Tahoe
91%
Los Angeles
83%
Eureka
80%
Palm Springs
80%
Sacramento
80%
San Jose
80%
Santa Barbara
80%
Fresno
77%
Redding
74%
Bakersfield
71%
Monterey
69%
No matching quizzes found
Score Distribution
Percent of People with Each Score
Percentile by Number Answered
Your Score History
You have not taken this quiz